| 000 | 00687nam a2200157 i 4500 | ||
|---|---|---|---|
| 001 | 179300 | ||
| 003 | ES-MaACL | ||
| 005 | 20230906220737.0 | ||
| 008 | 111025s1879 it |||| | ita d | ||
| 100 | 1 |
_aDe Foresta, Adolfo. _951730 |
|
| 245 | 1 | 0 |
_aRelazione statistica dei lavori compiuti nel distretto della Corte d'Appello di Bologna nell'anno 1878 : _besposta all'assemblea generale del 7 gennaio 1879 / _cda Adolfo De Foresta. |
| 260 |
_aBologna : _b[s.n.], _c1879 ( _fSoc. tip. dei Compositori) |
||
| 300 |
_a63 p. ; _c25 cm. |
||
| 650 | 4 |
_aAdministración de justicia- _zItalia. _9148395 |
|
| 852 | 4 |
_aES-MaACL _jD-89(6) _z- Donativo Lastres _z- Ded. ms. del autor a Lastres |
|
| 999 |
_c179300 _d179300 |
||